Úskalí marketingu na zahraničních trzích

Otváranie zahraničných trhov, ekonomická globalizácia a globálny marketing. Trendy na zahraničných trhoch z hľadiska marketingu. Výber zodpovedných zahraničných obchodníkov. Predpoklady manažéra marketingu vývozu. Najčastejšie formy vstupu na cudzie teritóriá. Cenové mapy na zahraničných trhoch.

Salvato in:
Dettagli Bibliografici
Autore principale: Havlíček, Karel
Altri autori: Kašík, Milan
Natura: Capitolo di libro
Lingua:ceco
Soggetti:
Tags: Aggiungi Tag
Nessun Tag, puoi essere il primo ad aggiungerne!!

MARC

LEADER 00000naa$a2200000$$$4500
001 0042214
005 20231018125830.4
041 0 |a cze 
044 |a CZ 
245 1 0 |a Úskalí marketingu na zahraničních trzích  |c Karel Havlíček, Milan Kašík 
520 |a Otváranie zahraničných trhov, ekonomická globalizácia a globálny marketing. Trendy na zahraničných trhoch z hľadiska marketingu. Výber zodpovedných zahraničných obchodníkov. Predpoklady manažéra marketingu vývozu. Najčastejšie formy vstupu na cudzie teritóriá. Cenové mapy na zahraničných trhoch. 
610 2 0 |a trh zahraničný 
610 2 0 |a obchod 
610 2 0 |a marketing 
610 2 0 |a marketing globálny 
610 2 0 |a segmentácia trhu 
610 2 0 |a manažéri 
610 2 0 |a produkty 
610 2 0 |a zákazníci 
610 2 0 |a konkurencia 
610 2 0 |a ceny 
100 1 |a Havlíček, Karel 
700 1 |a Kašík, Milan